LEADER 03793nam 22006015 450 001 9910300238403321 005 20200701143443.0 010 $a3-319-15922-4 024 7 $a10.1007/978-3-319-15922-5 035 $a(CKB)3710000000414133 035 $a(EBL)2094459 035 $a(SSID)ssj0001501673 035 $a(PQKBManifestationID)11918715 035 $a(PQKBTitleCode)TC0001501673 035 $a(PQKBWorkID)11446985 035 $a(PQKB)10494328 035 $a(DE-He213)978-3-319-15922-5 035 $a(MiAaPQ)EBC2094459 035 $a(PPN)186025955 035 $a(EXLCZ)993710000000414133 100 $a20150511d2015 u| 0 101 0 $aeng 135 $aur|n|---||||| 181 $ctxt 182 $cc 183 $acr 200 14$aThe Practical Compendium of Immunisations for International Travel /$fedited by Marc Shaw, Claire Wong 205 $a1st ed. 2015. 210 1$aCham :$cSpringer International Publishing :$cImprint: Adis,$d2015. 215 $a1 online resource (242 p.) 300 $aDescription based upon print version of record. 311 $a3-319-15921-6 320 $aIncludes bibliographical references at the end of each chapters. 327 $aRequirements For Vaccination -- Indications For Immunisation, Recommending Vaccines -- Travel Vaccines At A Glance -- General Contraindications -- Accelerated Courses In Immunisation -- Special Risk Groups -- Faqs. 330 $aThis inclusive work presents a comprehensive update on vaccines for the international traveller. In over 21 chapters, written by leading writers in travel medicine from Australia, New Zealand and Singapore, vaccinology for travel is explained in accessible terms with a focus on practical information. An initial introduction to immunology proceeds into common travel-related diseases, and a risk-analysis for acquiring them, followed by vaccine administration techniques and examples of how this knowledge can be applied to the traveller with special risks including children, pregnant women and mass travel. The book also provides a summary of current clinical practice with respect to travel medicine in Australia, New Zealand and Singapore. This straightforward guide to the administration of vaccines for travellers is intended to be the one-stop for the primary healthcare professional needing authoritative practical information speedily. In addition to basic knowledge in vaccinology, guides are offered as to appropriate vaccine recommendations for travel to global regions together with vaccine contents in order to identify any precautions and contraindications. This text presents assessment and management guidelines for common medical presentations to the travel health professional in primary-care health. Easy reference chapters, with practical management parameters for vaccination for travellers, will confidently guide any knowledge acquired permitting self-responsibility in vaccine-preventable disease prevention. 606 $aHealth promotion 606 $aVaccines 606 $aHealth Promotion and Disease Prevention$3https://scigraph.springernature.com/ontologies/product-market-codes/H27010 606 $aVaccine$3https://scigraph.springernature.com/ontologies/product-market-codes/B16010 615 0$aHealth promotion. 615 0$aVaccines. 615 14$aHealth Promotion and Disease Prevention. 615 24$aVaccine. 676 $a610 676 $a613 676 $a614.44 676 $a615372 702 $aShaw$b Marc$4edt$4http://id.loc.gov/vocabulary/relators/edt 702 $aWong$b Claire$4edt$4http://id.loc.gov/vocabulary/relators/edt 906 $aBOOK 912 $a9910300238403321 996 $aPractical Compendium of Immunisations for International Travel$91800541 997 $aUNINA LEADER 04771nam 22005655 450 001 9910392754203321 005 20250609110820.0 010 $a94-007-5503-1 024 7 $a10.1007/978-94-007-5503-1 035 $a(CKB)3710000000400020 035 $a(EBL)2095515 035 $a(SSID)ssj0001501108 035 $a(PQKBManifestationID)11967999 035 $a(PQKBTitleCode)TC0001501108 035 $a(PQKBWorkID)11523177 035 $a(PQKB)11579728 035 $a(DE-He213)978-94-007-5503-1 035 $a(MiAaPQ)EBC2095515 035 $a(PPN)185487181 035 $a(MiAaPQ)EBC3109784 035 $a(EXLCZ)993710000000400020 100 $a20150415d2015 u| 0 101 0 $aeng 135 $aur|n|---||||| 181 $ctxt 182 $cc 183 $acr 200 10$aGovernance in Transition /$fedited by Ján Bu?ek, Andrew Ryder 205 $a1st ed. 2015. 210 1$aDordrecht :$cSpringer Netherlands :$cImprint: Springer,$d2015. 215 $a1 online resource (347 p.) 225 1 $aSpringer Geography,$x2194-315X 300 $aDescription based upon print version of record. 311 08$a94-007-5502-3 320 $aIncludes bibliographical references and index. 327 $aIntroduction -- Part I: Governance, Intergovernmental Relations, and Development -- Top Down and Bottom Up Metropolitan Integration in Poland -- The Sydney Metropolitan Strategy: Implementation Challenges and Breakthroughs -- Governmental Devolution as a Motor of Local Development -- Theories of Metropolitan Government and the Post-Socialist Experience: The Case of the Poznan Metropolitan Area -- Regional Elites, Networks and the Beauty of Regionalism in Hungary -- Rural Governance in the New EU Member States: The Experience of the Polish LEADER + Pilot Programme (2004-2008) -- Part II: Crossborder and International Co-Operation in Development -- Strategic Cooperation Between Regions - Building and Using Transnational Relations -- Changing Patterns of City-Hinterland Relations in Central and East European Borderlands: Szczecin on the Edge of Poland and Germany -- Transformation Processes in the Former Black Triangle -- The Influence of Regional Identities on Spatial Development ? A Challenge for Regional Governance Processes in Cross-Border Regions? -- Part III -- Administrative Systems, Services Delivery and Local Finance -- The Empowerment of Local Democracy and the Decentralisation of Service Delivery in Local Government Reform: The Evidence from Portugal.-Municipal Bonds in Hungary: Constraints and Challenges -- Municipal Assets During the Post-Socialist Transition in Slovakia -- Governing the Transformation of the Built Environment in Post-Socialist Bratislava. 330 $aSince the 1980s, there has been a global trend to give more power to local governments.  Even in Korea and the United Kingdom, the most centralised countries in the OECD, local government powers have increased, with substantial economic benefits. Within the European Union, the principle of subsidiarity has enshrined the idea of devolution.  New member states, particularly in central and eastern Europe, have significantly created new and self-sufficient local and regional governments. However, this process has been complicated.  Devolution is not a panacea in its own right, and need not lead to economic growth. While it can encourage savings through  collaboration, it can also lead to confused lines of authority and can complicate policy formation and implantation. Devolution can strain local budgets, forcing local governments to rely on their own sources of finance, rather than central government transfers. Suburbanisation, rural depopulation, the growth of some regions, and the decline of others have raised new problems, particularly related to inter-governmental cooperation among local governments and different levels of government. In many cases, an increased number of governments has increased administrative costs. This book looks at experience in government restructuring and devolution from a variety of national and international perspectives, both within the European Union and elsewhere, focusing on lessons learned and ways forward. 410 0$aSpringer Geography,$x2194-315X 606 $aGeology, Economic 606 $aEconomic Geology$3https://scigraph.springernature.com/ontologies/product-market-codes/G17010 615 0$aGeology, Economic. 615 14$aEconomic Geology. 676 $a55 676 $a553 702 $aBuc?ek$b Ja?n$4edt$4http://id.loc.gov/vocabulary/relators/edt 702 $aRyder$b Andrew$4edt$4http://id.loc.gov/vocabulary/relators/edt 906 $aBOOK 912 $a9910392754203321 996 $aGovernance in Transition$92526886 997 $aUNINA